=LDR 00000nam 2200000 4500 =001 INLIS000000000037496 =005 20130612143227 =008 ***********************************Ind** =035 ##$$0010-061300000037496 =041 ##$$a Ind =082 ##$$a 641.5 =090 ##$$a 641.5, Che s =100 ##$$a Chendhawati =245 ##$$a 100 resep masakan pilihan Ny. Liem, Chendhawati; Penyunting, Yudho Asmoro =260 ##$$a 2009 $b Jakarta =300 ##$$a 108 hlm, Ilus, 25 cm =650 ##$$a Masakan Resep =700 ##$$a Asmoro, Yudho =850 ##$$a NBPNMAT